Statistics for Random NHL Hockey Players to Teams

Click here to take the quiz!

General Stats

  • This quiz has been taken 137 times
    (113 since last reset)
  • The average score is 18 of 20

Answer Stats

PlayerTeam% Correct
Auston MatthewsToronto Maple Leafs
99%
Connor McDavidEdmonton Oilers
98%
Nathon MacKinnonColorado Avalanche
97%
Sidney CrosbyPittsburgh Penguins
97%
David PastrnakBoston Bruins
94%
Brad MarchandBoston Bruins
94%
Jonathan ToewsChicago Blackhawks
94%
Brayden PointTampa Bay Lightning
93%
Jack EichelVegas Golden Knights
93%
Leon DraisatlEdmonton Oilers
92%
Evgeni MalkinPittsburgh Penguins
92%
Steven StamkosTampa Bay LIghtning
92%
Andrei VasilevskiyTampa Bay Lightning
92%
Roman JosiNashville Predators
91%
Connor HellebuyckWinnipeg Jets
91%
Joe PavelskiDallas Stars
88%
Ryan O'ReilySt. Louis Blues
88%
Patrik LaineColumbus Blue Jackets
85%
Shea TheodoreVegas Golden Knights
84%
John CarlsonWashington Capitals
84%

Score Distribution

Percentile by Number Answered

Percent of People with Each Score

Your Score History

You have not taken this quiz since the last reset